000 00241nam a2200109Ia 4500
005 20251222114410.0
008 251222s1900||||xx |||||||||||||| ||spa||
082 _aDVD0010/F81/1998
245 0 _aRonin
264 _bUnited Artists
942 _cDVD
999 _c2001
_d2001